| 000 | 00460nam a2200169Ia 4500 | ||
|---|---|---|---|
| 003 | IN-BaIIA | ||
| 008 | 211028s9999 xx 000 0 eng d | ||
| 020 | _a5-8888-6-011-5 | ||
| 040 | _cIIA Library | ||
| 080 |
_a059:52 _bSHO |
||
| 100 |
_aShor, V. A. _922296 |
||
| 245 | 0 |
_aEphemerides of minor planets for 1999 _cV. A. Shor |
|
| 260 | _c1998 | ||
| 300 | _a800p | ||
| 650 | _aEphemeris | ||
| 942 | _cBK | ||
| 999 |
_c12733 _d12733 |
||